| 000 | 01400pam a2200325 a 4500 | ||
|---|---|---|---|
| 001 | 3416099 | ||
| 003 | ARRUPE | ||
| 005 | 20150826113931.0 | ||
| 008 | 900319s1992 pau b s001 0 eng | ||
| 010 | _a 90034986 | ||
| 020 | _a0271007125 (alk. paper) | ||
| 040 |
_aDLC _cDLC _dDLC |
||
| 043 | _ae-gx--- | ||
| 050 | 0 | 0 | _aPT2352.Z2 1992 |
| 082 | 0 | 0 |
_a838/.609 _220 |
| 100 | 1 |
_aHerder, Johann Gottfried, _d1744-1803. _918769 |
|
| 240 | 1 | 0 |
_aWorks. _kSelections. _lEnglish. _f1991 |
| 245 | 1 | 0 |
_aJohann Gottfried Herder : _bselected early works, 1764-1767 : addresses, essays, and drafts; fragments on recent German literature / _cJohann Gottfried Herder ; edited by Ernest A. Menze and Karl Menges ; translated by Ernest A. Menze with Michael Palma. |
| 260 |
_aUniversity Park, Pa. : _bPennsylvania State University Press, _cc1992. |
||
| 300 |
_aviii, 352 p. ; _c24 cm. |
||
| 504 | _aIncludes bibliographical references (p. [335]-338) and index. | ||
| 650 | 0 |
_aGerman literature _y18th century _xHistory and criticism. _918786 |
|
| 650 | 0 |
_aEnlightenment _zGermany. _918787 |
|
| 651 | 0 |
_aGermany _xIntellectual life _y18th century. _918788 |
|
| 700 | 1 |
_aMenze, Ernest A. _918789 |
|
| 700 | 1 |
_aMenges, Karl. _918790 |
|
| 906 |
_a7 _bcbc _corignew _d1 _eocip _f19 _gy-gencatlg |
||
| 942 |
_2lcc _cMONOGRAPH |
||
| 999 |
_c123113 _d123113 |
||